000 00893nab a2200241u 4500
001 17005
003 HDC
007 c| |||a|c|aaaa
008 210221b20140527my ||||| |||| 00| 0 may d
040 _aHDC
100 _aAhmad Fiesal Othman, Norakmah Mat Youb & Shahrizan Salian /
_eauthor
_916591
245 0 _a5 syor tingkat peranan GLC /
_cAhmad Fiesal Othman, Norakmah Mat Youb & Shahrizan Salian
336 _atext
_2rdacontent
337 _acomputer
_2rdamedia
338 _aonline resource
_2rdacarrier
650 _aDewan Perniagaan Melayu Malaysia (DPMM)
_916593
650 _aGovernment Link Companies (GLC)
_916592
710 _aBERITA HARIAN
856 _zRequest full-text at [email protected]
942 _2lcc
942 _cNEWS
942 _kNWSC 004951
999 _c14321
_d14321